| 000 | 00791nam a2200217Ia 4500 | ||
|---|---|---|---|
| 005 | 20241129111512.0 | ||
| 008 | 241129s9999||||xx |||||||||||||| ||und|| | ||
| 020 | _a978-81-7555-548-8 | ||
| 037 | _aTB | ||
| 040 |
_aCRL _bhin _cCRL |
||
| 041 |
_ahin _2hin |
||
| 084 |
_aY:1.25213 152Q9 _qCRL |
||
| 100 | _aसाबत, सत्यनारायण, ले. | ||
| 245 | 0 |
_aकाशी की सांस्कृतिक विरासत _cसाबत, सत्यनारायण, ले. |
|
| 260 |
_aनई दिल्ली, भारत _bयूनिवर्सिटी पब्लिकेशन _c2019 |
||
| 300 | _a240पृ0 | ||
| 365 |
_aINR _b2000 |
||
| 650 | _aSociologyCulture | ||
| 942 |
_cTB _hY:1.25213 152Q9 |
||
| 999 |
_c1230746 _d1230746 |
||